00534nam a2200181Ia 4500008004100000020001500041082001700056100002100073245004200094250000800136260002900144300001200173500002400185650001500209942000700224952010600231999001500337230524s9999 xx 000 0 und d a8188429341 a621.382bBAS aS.Baskaran96437 0aElectromagnetic Waves and Wave Guides a1ST aNEW DELHIbScitechc2005 aVII;452 aQuantity Number: 1 aElectrical cBK 00104070aTATCLbTATCLcGENd2023-05-24l0o621.382 BASp1503r2023-05-24w2023-05-24yBKzCPEC5203 c8980d8980